[Event "Pamplona 9899 9th"]
[Site "Pamplona"]
[Date "1998.12.27"]
[Round "1"]
[White "De la Villa Garcia, Jesus Maria"]
[Black "Sutovsky, Emil"]
[Result "1-0"]
[WhiteElo "2500"]
[BlackElo "2575"]
[Annotator "Atlas,V"]
[PlyCount "89"]
[EventDate "1998.12.27"]
[EventType "tourn"]
[EventRounds "9"]
[EventCountry "ESP"]
[EventCategory "13"]
[SourceTitle "CBM 069"]
[Source "ChessBase"]
[SourceDate "1999.04.01"]
[SourceVersion "1"]
[SourceVersionDate "1999.04.01"]
[SourceQuality "1"]

1. e4 c5 2. Nf3 d6 3. d4 cxd4 4. Nxd4 Nf6 5. Nc3 a6 6. f3 Nc6 7. Be3 d5 8. Qe2
$5 {[%mdl 4]} ({A highly interesting improvement over the standard} 8. exd5 {
, which does not seem to promise any advantage to White:} Nxd5 (8... Nb4 9. Qd2
Nbxd5 10. Nxd5 Nxd5 11. Bf2 e6 12. O-O-O Bb4 13. c3 Be7 14. h4 b5 15. Nc6 Qc7
16. Nxe7 Qxe7 17. Bd4 O-O 18. f4 Qc7 19. Be5 Qc6 20. Kb1 f6 21. Bd4 {1-0
Farago,S-Shabtai,R/Budapest 1994/EXT 97 (48)}) 9. Nxd5 Qxd5 10. Nxc6 bxc6 (
10... Qxc6 11. Bd3 e5 12. Be4 Qc7 13. Qd5 Bb4+ 14. c3 Be7 15. O-O-O Rb8 16. Ba7
Ra8 17. Bf2 O-O 18. Bg3 Bf6 19. Kb1 Be6 20. Qd6 Qa5 21. a3 {1/2-1/2 Frolov,
A-Savon,V/Nikolaev 1993/CBM 35 (32)}) 11. c4 Qxd1+ 12. Rxd1 e5 13. c5 Be6 14.
b3 Be7 15. Bd3 f5 16. O-O Kf7 17. Rd2 a5 18. Rc1 Rhd8 19. Kf1 a4 20. Bc4 axb3
21. axb3 Rxd2 22. Bxd2 Ra2 23. Bxe6+ Kxe6 24. Ke1 Rxd2 25. Kxd2 Bg5+ 26. Kc2
Bxc1 27. Kxc1 Kd5 {0-1 Marjanovic,S-Savon,V/Ljubljana 1992/TD (27)}) 8... e5 ({
An important alternative here is} 8... dxe4 9. Nxc6 bxc6 ({After} 9... exf3 10.
Nxd8 (10. Rd1 $6 Bd7) 10... fxe2 11. Bxe2 Kxd8 12. O-O-O+ {White's dangerous
initiative fully compensates the sacrficed pawn.}) 10. Nxe4 $5 {White has a
superior position and good attacking chances.}) (8... Nxd4 $6 {is very risky.
After} 9. Bxd4 dxe4 10. O-O-O {White's initiative is very dangerous}) ({
Perhaps, solid although a bit passive} 8... e6 {was the most prudent
continuation here.}) 9. Nxc6 bxc6 10. exd5 Nxd5 11. O-O-O {Now the pawn
structure and stratgic content of play bears some reseblance to the Dragon B
76 line (with non-fianchuetted dark-squared bishop though).} Be6 12. Qe1 $1 {
[%csl Rc5,Rd6][%cal Ge1a5,Gc3e4,Ge3c5,Ge4c5] The best continuation.} (12. Ne4 {
is strongly met by} Qa5 {After the text move, the plan 13.Ne4 threatening 14.
c4 is very unpleasant for Black.}) 12... Bb4 $2 ({Black tries to initiate
complications, even at the price of material. However, the forthcoming
complications are clearly favourable for White.} 12... g6 $2 {is bad in view of
} 13. Ne4 Bg7 14. c4 Qc7 15. Bc5) (12... Qa5 $4 {loses on the spot after} 13.
Nxd5 Qxe1 14. Nc7+) ({After} 12... Qc7 13. Ne4 {with the idea 14. Nc5 yields
White better chances.}) (12... Be7 {is also strongly met by} 13. Ne4) ({
Careless} 12... f5 $2 {. aiming at preventing the knight transfer to e4, is
elegantly refuted by} 13. Bf4 $1) ({In my opinion, Black had to give a try to} 
12... Rb8 {, although after} 13. Ne4 {White has better prospects in the
middlegame.}) 13. Qg3 Bxc3 14. Qxg7 Bxb2+ (14... e4 {is bad in view of} 15.
bxc3) ({After} 14... Qf6 15. Qxf6 Nxf6 (15... Bxb2+ 16. Kxb2 Nxf6 17. Bc5 {
is clearly bad for Black.}) 16. bxc3 {Black's position is unbearable.}) 15.
Kxb2 Qb8+ 16. Ka1 Kd7 (16... Rf8 {loses after} 17. Bh6) 17. c4 Rg8 (17... Qb4
$2 18. Qxe5) 18. Qxh7 Rg6 ({Now} 18... Qb4 {fails to} 19. Qc2 $18) 19. cxd5
cxd5 20. Qh4 {Intending to transfer the queen to the queenside after 21.Qa4+.}
d4 21. Bxd4 $1 {The simplest. Returning the bishop, White transform the game
into winning 2 pawn up - middlegame .} exd4 22. Qxd4+ Ke7 23. g3 Qc7 24. Bd3
Rg5 25. Rhe1 Rd8 26. Qb4+ Qc5 27. Qxc5+ Rxc5 28. Bb1 Rb8 29. f4 Kf8 30. Rd2 a5
31. Rb2 Rbc8 32. Ree2 a4 33. Rbc2 Rc3 34. Red2 Kg7 35. f5 $1 {The forced way
to convert the material advantage - temporarily sacrificing the pawn, White
forces exchange of all rooks, which yields him entirely winning bishop ending.}
Rxc2 (35... Bxf5 {loses after} 36. Rxc3) 36. Rxc2 Bxf5 37. Rxc8 Bxc8 38. Kb2 {
[%csl Ra4][%cal Gb2a3,Gb1c2,Gc2a4] Approaching the defenseless a4 - pawn.
Black could actually resign 15 moves ago with clear conscience; yet, he
preferes to continue playing in totally lost position.} f5 39. Ka3 Bd7 40. Bc2
Kf6 41. Bxa4 Be6 42. Bb3 Bd7 43. Kb4 Kg5 44. Bd1 f4 45. Bf3 1-0

[Event "Pamplona 9899 9th"]
[Site "Pamplona"]
[Date "1998.12.31"]
[Round "5"]
[White "De la Villa Garcia, Jesus Maria"]
[Black "Van Wely, Loek"]
[Result "0-1"]
[WhiteElo "2500"]
[BlackElo "2635"]
[Annotator "Atlas,V"]
[PlyCount "64"]
[EventDate "1998.12.27"]
[EventType "tourn"]
[EventRounds "9"]
[EventCountry "ESP"]
[EventCategory "13"]
[SourceTitle "CBM 069"]
[Source "ChessBase"]
[SourceDate "1999.04.01"]
[SourceVersion "1"]
[SourceVersionDate "1999.04.01"]
[SourceQuality "1"]

1. e4 c5 2. Nf3 d6 3. d4 cxd4 4. Nxd4 Nf6 5. Nc3 a6 6. f3 e5 7. Nb3 Be6 8. Be3
Nbd7 9. Qd2 h5 10. a4 Qc7 $5 {Van Wely presents an important attempt to
improve his play in this line after fiasko in his game against Morozevich:} (
10... Be7 11. Be2 Nb6 12. O-O Nc4 13. Bxc4 Bxc4 14. Rfd1 O-O 15. Bg5 Bxb3 16.
Bxf6 Bxf6 17. cxb3 Qb6+ 18. Kh1 Qxb3 19. Nd5 Rfc8 20. Nxf6+ gxf6 21. Qh6 Qe6
22. Rd2 Rc6 23. Rg1 {1-0 Morozevich,A-Van Wely,L/Pamplona 1999/CBM 69_07 (51)})
11. Be2 Nc5 12. Nc1 Qb6 13. Nd3 ({The strongest continutaion. Clumsy} 13. Rb1 {
(/\b2-b4) is strongly met by} Qc6 {threatening ...Na4 and intending to play...
d6-d5.} (13... Qb4 $143 $2 14. b3 {/\N1a2.})) {Now, the threat is 14.a5.} 13...
Nxd3+ 14. cxd3 Qb4 15. d4 $1 {Again the best move. White can be satisfied with
the results of the opening struggle.} exd4 16. Bxd4 Be7 17. a5 $1 {[%csl Rb4]
[%cal Ga1a4,Ga4b4,Gb4b3,Ge2d1,Gd1b3]} Bb3 (17... Rc8 $4 {would be suicidal, as
after} 18. Ra4 Qb3 19. Bd1 {Black loses his queen.}) 18. Na4 $1 {[%cal Ga4b6]}
Qxd2+ 19. Kxd2 Nd7 20. g3 $6 ({A dubious decision. Instead, the natural} 20.
Rhc1 {was to be preferred.} {After} Bg5+ 21. Be3 Bd8 (21... Bxe3+ 22. Kxe3 {
, with better chances for White.}) 22. Nb6 Nxb6 {Also, 20.f4 was a better
choice than the text move.} 23. Bxb6 {White has a promising position. Also, 20.
f4 was a better choice than the text move.}) 20... h4 21. Nb6 $6 ({Another
imprecision. Instead,} 21. Rhc1 {was a better option. Now,} {after} hxg3 22.
hxg3 Rh3 (22... Bd8 23. Nb6 Nxb6 24. Bxb6 {is OK for White}) (22... Rh2 $6 {
White can just play} 23. Bxg7 {, and Black's compensation seems to be
insufficient.} (23. Rc7 $5 {also deserves serious attention here})) 23. Rc3 (
23. Nb6 Nxb6 24. axb6 {is another interesting option here}) 23... Bxa4 24. Rxa4
{White has no real risk to lose the game.}) 21... Nxb6 22. axb6 (22. Bxb6 {
is strongly met by} Bf6) 22... hxg3 23. hxg3 Kd7 {Now Black has a good play.}
24. Rxh8 Rxh8 25. Bxg7 Rg8 26. Bd4 Rxg3 27. Rc1 (27. Ra3 Be6 28. f4 Rg2 (28...
Rxa3 29. bxa3 Kc6 $140 30. Kc3 Bd8 $2 31. f5 Bd7 (31... Ba2 $4 32. Kb2 $18) 32.
Bc4) 29. Ke3 {was to be preferred.}) 27... Bd8 28. Bxa6 $4 {[%mdl 8192]
Unbelievable and unexplainable blunder.} (28. Rc3 Be6 29. f4 {(29.Ke3!?) was
promising White good chances to draw the game.}) 28... bxa6 29. b7 Ba5+ ({
White's idea is justified after} 29... Bc7 30. Bb6 Bb8 31. Rc8 {However, the
intermediate check desides the game in Black's favor.}) 30. Kd3 Rg8 ({
Certainly, not} 30... Rxf3+ $2 31. Ke2 {, and Black should force a draw after}
Bd1+ 32. Rxd1 Rb3) 31. Ra1 (31. Ba7 {loses after} Bc7) 31... Bc7 32. Rxa6 Rb8
0-1

[Event "London Agency"]
[Site "London"]
[Date "1998.06.15"]
[Round "1"]
[White "Van den Doel, Erik"]
[Black "Gormally, Daniel"]
[Result "1-0"]
[WhiteElo "2485"]
[BlackElo "2415"]
[Annotator "Atlas,V"]
[PlyCount "31"]
[EventDate "1998.06.15"]
[EventType "tourn"]
[EventRounds "9"]
[EventCountry "ENG"]
[EventCategory "9"]
[SourceTitle "CBM 066"]
[Source "ChessBase"]
[SourceDate "1998.09.30"]
[SourceVersion "1"]
[SourceVersionDate "1998.09.30"]
[SourceQuality "1"]

1. e4 c5 2. Nf3 d6 3. d4 cxd4 4. Nxd4 Nf6 5. Nc3 a6 6. Be3 e5 7. Nf3 Qc7 8. Be2
Be7 9. a4 O-O 10. O-O Nbd7 11. Nd2 (11. Bg5 h6 12. Bh4 b6 13. Re1 Bb7 14. Bf1
Rfe8 15. Nd2 d5 16. exd5 Nxd5 17. Nxd5 Bxd5 18. Bxe7 Rxe7 19. Ne4 Bxe4 20. Rxe4
Nc5 21. Re3 Rd8 22. Qg4 Rd4 23. Qe2 a5 $15 {Landenbergue,C-Baburin,A/SWZ-GP
Wohlen 1993/EXT 93/1/2-1/2 (59)}) 11... b6 (11... Nc5 12. Nc4 Be6 13. Nd5 Bxd5
14. exd5 b5 15. axb5 axb5 16. Rxa8 Rxa8 17. Na3 b4 18. Nc4 Ncd7 19. f4 $14 {
1-0 Vydeslaver,A-Rowson,J/WchJM-U20 1995/EXP 48 (33)}) 12. Bc4 Bb7 13. Ba2 (13.
Qe2 h6 (13... Rfc8 14. b3 h6 15. Rfd1 Nc5 16. f3 Ne6 17. Rac1 {1/2-1/2
Bronstein,D-Petrosian,A/Polanica Zdroj 1988/EXT 88}) 14. Rfd1 Rfc8 15. f3 Bf8
16. Kh1 g6 17. Rac1 Bg7 18. Bf2 Nc5 19. Bxc5 Qxc5 $132 {0-1 Morris,P-King,D/
London Lloyds 1993/TD 93\09 (40)}) 13... Bc6 14. Qe2 h6 15. Rfd1 Rfd8 $4 {
Incredible mistake! Now Black loses on the spot.} (15... Nc5 {was a normal
continuation.}) (15... Qb7) 16. Qc4 $1 {[%csl Rc7,Gd5,Re7,Rf7][%cal Yc4c7,
Gc4f7]} (16. Qc4 Rf8 {loses after} 17. Nd5 {[%csl Rc7]} Nxd5 18. exd5) 1-0

[Event "Lee Cup 4th"]
[Site "Beijing"]
[Date "1997.08.24"]
[Round "2"]
[White "Liang, Jinrong"]
[Black "Pigusov, Evgeny"]
[Result "1/2-1/2"]
[WhiteElo "2425"]
[BlackElo "2560"]
[Annotator "Atlas,V"]
[PlyCount "107"]
[EventDate "1997.08.23"]
[EventType "swiss"]
[EventRounds "11"]
[EventCountry "CHN"]
[SourceTitle "CBM 061"]
[Source "ChessBase"]
[SourceDate "1997.11.23"]
[SourceVersion "1"]
[SourceVersionDate "1997.11.23"]
[SourceQuality "1"]

1. e4 {Gershon} c5 2. Nf3 d6 3. d4 cxd4 4. Nxd4 Nf6 5. Nc3 a6 6. Be3 Ng4 7. Bg5
h6 8. Bh4 g5 9. Bg3 Bg7 10. Be2 h5 11. Bxg4 Bxg4 12. f3 Bd7 13. Bf2 Nc6 (13...
e6 {Gershon} 14. Nb3 Be5 15. Bd4 Nc6 16. Bxe5 dxe5 17. Qd2 Qf6 18. Nc5 $14
O-O-O 19. N3a4 Be8 20. Nd3 g4 21. O-O Kb8 22. Nb6 gxf3 23. Rxf3 Qg6 24. Qe3 $13
{Almasi,Z-Van Wely,L/It, Tilburg NED 1996/0-1 (60)}) 14. O-O (14. Nd5 {Gershon}
Rc8 15. O-O Nxd4 16. Bxd4 Bxd4+ 17. Qxd4 f6 18. c3 Be6 19. Kh1 Qa5 20. Rad1 Qc5
21. Qd2 Rg8 22. Qe1 Kf7 23. Rd4 b5 24. Qd1 Rg7 25. a3 Rh8 26. Qd2 Qc8 27. Qe2
$14 {1/2-1/2 Khalifman,A-Ftacnik,L/Ischia 1996 (31)}) 14... e6 15. Nxc6 (15.
Nce2 {Gershon} Ne5 16. b3 (16. Qd2 b5 17. b3 Ng6 18. Rad1 Rc8 19. c3 Be5 20.
Nc2 Nf4 21. Nxf4 gxf4 22. Bd4 a5 23. Ne1 Qf6 24. Bxe5 Qxe5 25. Nd3 Qxc3 26.
Qxf4 Qd4+ 27. Nf2 Qe5 28. Qd2 $16 {1/2-1/2 Polgar,J-Sutovskij,E/VAM, Hoogeveen
NED 1997 (35)}) 16... g4 17. f4 h4 18. Be3 h3 19. g3 Nc6 20. Qd3 O-O 21. Rad1
f5 22. c4 Qa5 23. Nc3 Rae8 24. Rfe1 e5 25. Nxc6 Bxc6 26. b4 Qa3 27. b5 exf4 28.
Bxf4 axb5 29. cxb5 Qc5+ $17 {0-1 Shirov,A-Kasparov,G/It, Linares ESP 1997 (38)}
) 15... Bxc6 16. Bd4 Be5 17. Qd2 (17. Rf2 Qf6 18. Rd2 O-O-O 19. Ne2 g4 20. Bxe5
dxe5 21. Rd3 gxf3 22. gxf3 Rdg8+ 23. Kh1 Rg6 24. Qe1 Rhg8 25. Rc3 Kb8 26. Rd1
h4 27. Qd2 Bxe4 28. fxe4 Qf2 29. Ng3 hxg3 30. Rxg3 Qxd2 31. Rxd2 Rxg3 32. hxg3
Rxg3 33. Rf2 Rg7 34. Kh2 Kc7 35. Kh3 Kd6 36. Rd2+ Ke7 37. Rd3 f5 38. Rb3 Kf6 {
0-1 Schlosser,M-Lendwai,R/AUT-ch 1997/EXP 59}) 17... Qf6 18. Bxe5 Qxe5 $5 ({
A new concept in playing this position. The old move} 18... dxe5 {yielded
White a minimal advantage after} 19. Qd6 (19. a4 {led to a favorable for Black
ending after} O-O 20. b3 Rfd8 21. Qe3 Qf4 22. Qxf4 gxf4 23. Rfd1 h4 24. Rxd8+
Rxd8 25. Rd1 Rc8 26. Rd2 Kf8 $15 {Short,N-Topalov,V/Novgorod 1997 (45)} (26...
Kf8 {Gershon} 27. Nd1 Ke7 28. Nf2 f5 29. Kf1 fxe4 30. fxe4 a5 $17 {[%csl Ge4,
Gf2] 0-1 Short,N-Topalov,V/It, Novgorod RUS 1997 (45)})) 19... Rd8 20. Qc5 Qg7
21. Rad1 Rxd1 22. Rxd1 $14 {Xie Jun-Oll,L/TCN Cup 3rd 1997. The text move
allows Black to solve provisionally the problem of his king, which is now
transferred to the queenside. The disadvantages of this idea are the weakness
of the d6-pawn and the possibility for White to attack the black king in his
queenside residence.} (22. Rxd1 f6 23. Qd6 $16 {1/2-1/2 Xie Jun-Oll,L/3rd TCN
Cup, Beijing CHN 1997 (46)})) 19. Rad1 ({A natural move, which, however,
allows Black to obtain a good play. Instead,} 19. b4 $5 {[%csl Rc5]} O-O-O 20.
Rfe1 g4 $140 21. f4 {deserved serious attetntion.}) 19... O-O-O 20. Rfe1 ({
Tempting} 20. b4 {(/\20..g4 21.f4) is now strongly met by} d5 $1 21. exd5 Bxd5
22. Nxd5 Rxd5) (20. f4 {Gershon} Qc5+ 21. Qd4 (21. Qf2 gxf4 22. Qxc5 dxc5 23.
Rxd8+ Rxd8 24. Rxf4 Rd2 25. Rxf7 Rxc2 $17) 21... Qxd4+ 22. Rxd4 gxf4 $15) (20.
Ne2 $5 {[%cal Ge2d4] Gershon} Qxb2 21. Nd4 Qb6 22. Rb1 Qc5 23. Kh1 g4 24. Rb3
$44 {[%csl Ga6][%cal Yd4c6,Gf1b1,Gb3c3]}) (20. Qd4 $5 {[%cal Gd1d2,Rf1d1]
Gershon}) 20... g4 $1 {Now this move seems to be the best choice.} 21. f4 Qc5+
22. Qd4 (22. Kh1 {seems dangerous for White. Now} d5 {would be a wrong choice
in view of} 23. e5 $1 d4 24. Ne4 {, but 23...h4 /\h3, followed by ...d5 yields
Black good attacking prospects.}) 22... h4 23. b4 ({After} 23. Qxc5 dxc5 {
Black has a better ending.} (23... dxc5 {Gershon} 24. g3 h3 $17)) 23... Qxd4+
24. Rxd4 g3 $1 25. hxg3 ({After} 25. h3 {Black could opt for} e5 {, developing
a dangerous initiative.} (25... e5 {Gershon} 26. fxe5 dxe5 27. Rdd1 Rd4 $15))
25... hxg3 26. Re3 Rh4 $1 (26... Rdg8 {Gershon} 27. Rxd6 Rh4 28. Ne2 Rgh8 29.
Nxg3 Rxf4 30. c4 $14) 27. Rxg3 $6 ({Now Black obtains an advantage. Instead of
the text move, White could opt for} 27. Ne2 {, and Black's upperhand is
questionable.}) 27... Rxf4 28. Rf3 Rg4 $1 ({After} 28... Rxf3 29. gxf3 {
the position is about equal. Black has, however, an important resource, which
allows him to retain the advantage.} (29. gxf3 {Gershon} Kc7 $11)) 29. Rxf7
Rdg8 30. Rf2 d5 $1 {This is a point. Now 31. Re2 falls short after 31...e5.
Black regains the pawn, retaining a better position.} 31. Rd3 dxe4 32. Re3 {
Now white blocades the e pawn and "kills" black's dangerous bishop.} Rd8 33. a3
Rd4 34. g3 Rg5 35. Rfe2 Kc7 36. Kg2 (36. Kh2 {Gershon} Rh5+ 37. Kg1 Rg5 $11)
36... Kd6 37. Rf2 (37. Nxe4+ {Gershon} Ke5 38. Kf3 Rf5+ $19) 37... Rf5 $6 ({
This move allows White to undertake the effective march of his g-pawn. After} 
37... Ke5 38. Ne2 (38. Rf4 {Gershon} Rf5 $15) 38... Rd2 39. Nf4 Rxf2+ 40. Kxf2
Rf5 {Black retains the advantage.}) 38. g4 $1 Rxf2+ 39. Kxf2 Rc4 40. g5 $1 Ke5
41. Rg3 {Now the passed g - pawn becomes an important factor in the position.}
Be8 42. Ne2 (42. g6 $4 {Gershon} Bxg6 43. Rxg6 Rxc3 $19) 42... Rxc2 43. g6 Rc8
(43... e3+ {Gershon} 44. Kxe3 Ra2 45. Rg5+ Kf6 46. g7 $14 Bf7 47. g8=Q Rxa3+
48. Kd4 Bxg8 49. Rxg8 Ra4 50. Kc5 b6+) 44. g7 Bf7 45. Rc3 Rg8 (45... Rxc3 46.
Nxc3 {leads to equlaity.}) 46. Rc7 Rxg7 47. Rxb7 Rh7 48. Ng3 Bg6 (48... Kd4 {
Gershon} 49. Rd7+ Kc4 50. Nxe4 Bg6 51. Rxh7 Bxh7 52. Nc5 a5 53. Nxe6 $11) 49.
Rxh7 Bxh7 50. Ke3 {Now a draw is inevitable.} Kd5 51. a4 Bg6 52. b5 axb5 53.
axb5 Kc5 54. Nxe4+ (54. Nxe4+ {Gershon} Kxb5 55. Ng5 e5 56. Nf3 e4 57. Ng5 $11)
1/2-1/2

[Event "VAM Hoogeveen"]
[Site "Hoogeveen"]
[Date "1997.10.17"]
[Round "6"]
[White "Polgar, Judit"]
[Black "Sutovsky, Emil"]
[Result "1/2-1/2"]
[WhiteElo "2670"]
[BlackElo "2590"]
[Annotator "Atlas,V"]
[PlyCount "71"]
[EventDate "1997.10.11"]
[EventType "tourn"]
[EventRounds "6"]
[EventCountry "NED"]
[EventCategory "14"]
[SourceTitle "CBM 062"]
[Source "ChessBase"]
[SourceDate "1998.01.31"]
[SourceVersion "1"]
[SourceVersionDate "1998.01.31"]
[SourceQuality "1"]

1. e4 c5 2. Nf3 d6 3. d4 cxd4 4. Nxd4 Nf6 5. Nc3 a6 6. Be3 Ng4 7. Bg5 h6 8. Bh4
g5 9. Bg3 Bg7 10. Be2 h5 11. Bxg4 Bxg4 12. f3 Bd7 13. Bf2 Nc6 14. O-O (14. Qd2
Ne5 15. O-O e6 16. b3 Ng6 17. Rad1 g4 18. f4 h4 19. Nde2 h3 20. g3 Rc8 21. e5
d5 22. Nd4 O-O 23. Qd3 f5 24. Nce2 Rf7 25. Rc1 Bf8 26. c3 Ne7 27. Rfd1 Nc6 28.
c4 dxc4 {Anand,V-Kasparov,G/Geneva Credit Suisse 1996/EXP 54/[King]/0-1 (55)})
14... e6 15. Nce2 (15. Nxc6 {is the most popular alternative.} Bxc6 16. Bd4 Be5
17. Qd2 Qf6 18. Bxe5 dxe5 19. a4 O-O 20. b3 Rfd8 21. Qe3 Qf4 22. Qxf4 gxf4 23.
Rfd1 h4 24. Rxd8+ Rxd8 $15 {0-1 Short,N-Topalov,V/Novgorod 1997 (45)}) 15...
Ne5 16. Qd2 (16. b3 g4 17. f4 h4 $1 18. Be3 h3 19. g3 Nc6 20. Qd3 O-O 21. Rad1
f5 22. c4 Qa5 23. Nc3 Rae8 24. Rfe1 e5 25. Nxc6 Bxc6 26. b4 Qa3 27. b5 exf4 28.
Bxf4 axb5 29. cxb5 Qc5+ 30. Be3 Qxc3 31. bxc6 Qxc6 32. Qxd6 Qxe4 33. Qd5+ Qxd5
34. Rxd5 Bc3 35. Re2 Re4 36. Kf2 Rfe8 37. Rd3 Bf6 38. Red2 Rxe3 {0-1 Shirov,
A-Kasparov,G/Linares14th 1997/CBM 57/[Knaak]}) 16... b5 $6 17. b3 Ng6 ({After} 
17... g4 18. f4 h4 19. fxe5 dxe5 20. Rad1 {White retains an advantage.}) 18.
Rad1 Rc8 (18... Be5 $5 {was worth of considering here.}) 19. c3 Be5 20. Nc2 (
20. Be3 $5 {, attacking the g5-pawn, seems a promising alternative to the text
move.}) 20... Nf4 21. Nxf4 gxf4 (21... Bxf4 22. Be3 {yields White clearly
better chances.}) (21... Bxc3 $2 {is bad in view of} 22. Qxd6) 22. Bd4 {
[%csl Re5][%cal Gc2b4,Gb4d3,Gd3e5] Planning the knight transfer to d3 via b4.}
({Still, immediate} 22. Nb4 {was a plausible alternative:} Qf6 (22... Bxc3 23.
Qxd6 {is not recommendable for Black.}) (22... Rxc3 23. Bd4 $36 (23. Nd3 $5 $36
)) (22... Rg8 23. Nd3 (23. Nxa6 $5 Rc6 $140 24. Nb4 Bxc3 $4 25. Nxc6 $18) 23...
Qg5 24. Bd4 $14 {/\25.Be5 de5 26.Ne5}) 23. Nxa6 Rxc3 24. Nc5 $36) 22... a5 23.
Ne1 (23. Qf2 $5 {, intending to double the rooks along the d-file by playing
Rd3, Rfd1 followed by Qd2, deserved here a serious attention.}) 23... Qf6 24.
Bxe5 Qxe5 25. Nd3 Qxc3 26. Qxf4 Qd4+ 27. Nf2 (27. Kh1 Rc2 $5 {also does not
promise White any adavantage.}) 27... Qe5 28. Qd2 Ke7 29. Qxa5 Rc2 30. Rd2 ({
A dubious} 30. Qb4 Rxa2 31. Nd3 {(/\31... Qg732.Rf2, intending e4-e5), is
strongly met by} Rg8 $1 {, and White must play} 32. Rf2 (32. g3 $4 {would be a
terrible mistake in view of} Rxg3+ 33. Kh1 Rg1+ $19)) 30... Ra8 $1 {This
natural move equalizes the game. Rook's control over the second rank provides
Black a full compensation for a sacrificed pawn.} 31. Qxa8 Rxd2 32. b4 Qd4 33.
Qg8 e5 34. Qg5+ Ke8 35. Qg8+ Ke7 36. Qg5+ 1/2-1/2